Statistics for Top 5 Most Well-known Countries by Continent

Click here to take the quiz!

General Stats

  • This quiz has been taken 322 times
  • The average score is 28 of 30

Answer Stats

Countries% Correct
EuropeUnited Kingdom
100%
South AmericaBrazil
99%
North AmericaCanada
99%
AsiaChina
99%
EuropeFrance
99%
North AmericaMexico
99%
North AmericaUnited States
99%
South AmericaArgentina
98%
OceaniaAustralia
98%
AsiaIndia
98%
OceaniaNew Zealand
98%
AsiaRussia
98%
EuropeRussia
98%
EuropeItaly
97%
AsiaJapan
97%
South AmericaChile
96%
South AmericaPeru
96%
AfricaSouth Africa
96%
EuropeSpain
96%
South AmericaColombia
95%
AfricaEgypt
95%
North AmericaCuba
93%
OceaniaFiji
93%
AfricaNiger
86%
AfricaMorocco
83%
North AmericaPanama
83%
OceaniaPapua New Guinea
83%
AsiaIran
72%
OceaniaTonga
70%
AfricaMadagascar
66%

Score Distribution

Percentile by Number Answered

Percent of People with Each Score

Your Score History

You have not taken this quiz